00635nam a22002057a 4500003000500000005001700005008004100022010001100063011001100074035001100085040000900096100003700105245011100142260003500253300001900288490003500307650002500342650002700367830003500394CHAP20220329143820.0110927s1975 mx a r 00010 spe d a102243 a103215 a113904 cCHAP00aSifuentes Aguilar, Juan Antonio.10aGuía de recomendaciones para el control de plagas agrícolas en México, 1975c/por J. A. Sifuentes A. aMéxico, D. F. :bINIA,c1975 a26 p.b: ilus. 0aFolleto de divulgaciónv; 5114aAgriculturaxPlagas.14aAgriculturazMéxico.0 aFolleto de divulgaciónv; 51